Recopilación de leyes y reglamentos. Con índices numérico, por ministerios, temático y de notas
Zapisane w:
| Korporacja: | |
|---|---|
| Format: | Książka |
| Język: | hiszpański |
| Wydane: |
Santiago
Contraloría General de la República
1989
|
| Hasła przedmiotowe: | |
| Etykiety: |
Dodaj etykietę
Nie ma etykietki, Dołącz pierwszą etykiete!
|
MARC
| LEADER | 00000nam a2200000 a 4500 | ||
|---|---|---|---|
| 001 | UCR0706 | ||
| 003 | CL-VaPUC | ||
| 008 | 971205e19890000CL |||||||||||||||||spa|d | ||
| 082 | 0 | 4 | |a 348.022 |b CON |2 21 |
| 110 | 2 | |a Contraloría General de la República |e author |9 396834 | |
| 245 | 1 | 0 | |a Recopilación de leyes y reglamentos. Con índices numérico, por ministerios, temático y de notas |
| 300 | |a t | ||
| 942 | |c BK | ||
| 945 | |d 19971205 00:00:00 |a lriquelm | ||
| 260 | |a Santiago |b Contraloría General de la República |c 1989 | ||
| 500 | |a Contiene desde la ley 18.722, de 1 de Julio, a la ley 18.768, de 29 de Diciembre de 1988, y reglamento publicados entre los meses de julio y diciembre del mismo año | ||
| 500 | |a Donación profesor Fernando Recio Olguín | ||
| 650 | 7 | |a LEGISLACION |2 CL-VaPUC |9 396835 | |
| 650 | 0 | |a Leyes |9 256670 | |
| 650 | 7 | |a FUENTES |2 CL-VaPUC |9 255666 | |
| 650 | 7 | |a DERECHO CHILENO |2 CL-VaPUC |9 396836 | |
| 650 | 7 | |a DECRETOS SUPREMOS |2 CL-VaPUC |9 396008 | |
| 650 | 7 | |a DECRETO CON FUERZA DE LEY |2 CL-VaPUC |9 358086 | |
| 650 | 0 | |a Tratados internacionales |9 256056 | |
| 650 | 7 | |a PROTOCOLOS |2 CL-VaPUC |9 386841 | |
| 650 | 0 | |a Acuerdos internacionales |9 337381 | |
| 651 | 7 | |a CHILE |2 CL-VaPUC |9 396837 | |
| 583 | |a last modification |c 20140410 10:10:11 |k Rodrigo Vera | ||
| 999 | |c 264205 |d 264203 | ||
| 952 | |0 0 |1 0 |4 0 |6 348_022000000000000_CON_1989 |7 0 |8 F |9 294155 |a BIBDER |b BIBDER |d 2019-11-19 |h t.93 |i 1911635 |o 348.022 CON 1989 |p 1911635 |r 2023-01-25 |w 2019-11-19 |y BK_F |k DER | ||
| 952 | |0 0 |1 0 |4 0 |6 348_022000000000000_CON_1989 |7 0 |8 X |9 294157 |a BIBHIS |b BIBHIS |d 2019-11-19 |h t.93 |i 2129027 |o 348.022 CON 1989 |p 2129027 |r 2024-01-30 |w 2019-11-19 |y BK_X |k HIS | ||